| 000 | 00538nmm a2200169Ia 4500 | ||
|---|---|---|---|
| 008 | 251105s9999||||xx |||||||||||||||||und|| | ||
| 020 | _a8479084375 | ||
| 041 | _aspa | ||
| 100 | _aFrau Llinares, M. J. | ||
| 245 | 0 | _aMujer y trabajo. Entre la producción y la reproducción | |
| 264 |
_a[Madrid, España] : _bPublicaciones de la Universidad de Alicante, _c1998 |
||
| 300 | _a216 páginas | ||
| 490 | _aCiencias Sociales | ||
| 650 | _aGender and Women Studies | ||
| 856 | _uhttps://public.digitaliapublishing.com/a/751 | ||
| 942 | _cCF | ||
| 999 |
_c73520 _d73520 |
||